Statistics for People with L Initials Quiz

Click here to take the quiz!

General Stats

  • This quiz has been taken 28,170 times
    (8,827 since last reset)
  • The average score is 15 of 22

Answer Stats

Initials Clue Person % Correct
LJPresident who tried to build
the Great Society
Lyndon B. Johnson
85%
LL"Parent Trap" actress and
frequent rehab visitor
Lindsay Lohan
83%
LSFounder of the first company
to make blue jeans
Levi Strauss
83%
LPDeveloped a process that
is used to make milk safer
Louis Pasteur
81%
LVFrench fashion house founderLouis Vuitton
78%
LWMovie star brother of OwenLuke Wilson
77%
LC"Alice's Adventures in Wonderland"Lewis Carroll
76%
LAHe lives strong, according to his
yellow bracelet
Lance Armstrong
75%
LKPlayed Phoebe on "Friends"Lisa Kudrow
73%
LT"Anna Karenina" authorLeo Tolstoy
72%
LDHe's the king of the world!!Leonardo DiCaprio
71%
LGHer fans are known as
"Little Monsters"
Lady Gaga
70%
LBTV's funniest woman, circa 1955Lucille Ball
68%
LENorseman who founded colonies in
Greenland and Canada
Leif Ericson
68%
LM"Cabaret" starLiza Minnelli
63%
LNFriend of William ShatnerLeonard Nimoy
62%
LFActor who starred as Morpheus
in "The Matrix"
Laurence Fishburne
53%
LOLone gunman in the
book depository
Lee Harvey
Oswald
52%
LHSarah Connor in "The Terminator"Linda Hamilton
44%
LR"Endless Love" singerLionel Richie
44%
LUMetallica drummer / RIAA shillLars Ulrich
38%
LIJudge in the O.J. Simpson trialLance Ito
34%

Score Distribution

Percentile by Number Answered

Percent of People with Each Score

Your Score History

You have not taken this quiz since the last reset